VfL Wolfsburg Squad 2019-20 - Statistics

General Stats
  • This quiz has been taken 16 times
  • The average score is 17 of 29
Answer Stats
Squad Number Position Nationality Player % Correct
25 CB American John Brooks
100%
9 ST Dutch Wout Weghorst
93%
4 DM Spanish Ignacio Camacho
86%
15 LB French Jérôme Roussillon
86%
7 LW Croatian Josep Brekalo
86%
19 RB Swiss Kevin Mbabu
86%
1 GK Belgian Koen Casteels
86%
23 DM French Josuha Guilavogui
79%
27 CM German Maximillian Arnold
79%
8 RW Swiss Renato Steffen
79%
24 CM Austrian Xaver Schlager
79%
31 CB German Robin Knoche
71%
2 RB Brazilian William
64%
22 CB Croatian Marin Pongračić
57%
- Manager Austrian Oliver Glasner
57%
12 GK Austrian Pavao Pervan
57%
14 SS Swiss Admir Mehmedi
50%
11 RW German Felix Klaus
50%
6 LB Brazilian Paulo Otávio
50%
13 CM German Yannick Gerhardt
50%
33 ST German Daniel Ginczek
43%
29 CF Egyptian Omar Marmoush
43%
32 CB Congolese Marcel Tisserand
36%
40 LW Brazilian Victor Sá
36%
30 GK German Niklas Klinger
29%
26 RW American Ulysses Llanez
29%
38 RW Belgian Ismail Azzaoui
21%
35 GK German Lino Kasten
21%
36 GK German Phillip Menzel
14%
No matching quizzes found
Score Distribution
Percent of People with Each Score
Percentile by Number Answered
Your Score History
You have not taken this quiz